[Event "Michigan Class D/E"]
[Site "Auburn Hills"]
[Date "2005.01.16"]
[Round "4.4"]
[White "Metcalf, Nathan"]
[Black "Sansone, Joe"]
[Result "1-0"]
[WhiteElo "1266"]
[BlackElo "1190"]
[PlyCount "39"]
[EventDate "2005.01.15"]
[EventType "swiss"]
[EventRounds "5"]
[EventCountry "USA"]
[SourceTitle "EXT 2006"]
[Source "ChessBase"]
[SourceDate "2005.11.24"]
[SourceVersion "1"]
[SourceVersionDate "2005.11.24"]
[SourceQuality "1"]

1. d4 Nf6 2. c4 g6 3. Nc3 Bg7 4. e4 d6 5. Nf3 0-0 6. h3 Nbd7 7. g4 c6 8. Bg5 Qc7 9. Qd2 e5 10. d5 cxd5 11. cxd5 Nc5 12. Rc1 Qe7 13. Bd3 Qe8 14. Bb1 Bd7 15. Kf1 a5 16. b3 b5 17. Bxf6 Bxf6 18. g5 b4 19. gxf6 bxc3 20. Qh6 1-0